Etica de los derechos humanos

Zapisane w:
Opis bibliograficzny
1. autor: Moncho i Pascual, Josep Rafael (autor)
Format: Książka
Język:hiszpański
Wydane: Madrid Tecnos 2000
Hasła przedmiotowe:
Etykiety: Dodaj etykietę
Nie ma etykietki, Dołącz pierwszą etykiete!

MARC

LEADER 00000nam a2200000 a 4500
001 UCM3412
003 CL-VaPUC
008 020705e20000000SP |||||||||||||||||spa|d
082 0 4 |a 323  |b MON  |2 21 
100 |a Moncho i Pascual, Josep Rafael  |e autor  |9 470207 
245 1 0 |a Etica de los derechos humanos 
300 |a 173 p 
942 |c BK 
945 |d 20020705 00:00:00  |a cmena 
260 |a Madrid  |b Tecnos  |c 2000 
650 0 |a Derechos humanos  |9 223025 
650 0 |a Aspectos morales   |9 256217 
650 0 |a Valores morales   |9 310604 
650 0 |a Justicia   |9 255408 
650 0 |a Libertad  |9 255686 
583 |a last modification  |c 20020705 00:00:00  |k Rodrigo Vera 
999 |c 300779  |d 300777 
952 |0 0  |1 0  |4 0  |6 323_000000000000000_MON_2000  |7 0  |8 A  |9 359052  |a BIBEDU  |b BIBEDU  |d 2019-11-21  |i 3812839  |o 323 MON 2000  |p 3812839  |r 2019-11-21  |w 2019-11-21  |y BK  |k FIL